Sociology : A brief introduction

Shranjeno v:
Bibliografske podrobnosti
Glavni avtor: Schaefer, Richard T.
Format: Knjiga
Jezik:Undetermined
Izdano: Boston McGraw-Hill 2004
Teme:
Oznake: Označite
Brez oznak, prvi označite!
Thư viện lưu trữ: Trung tâm Học liệu Trường Đại học Cần Thơ
LEADER 00581nam a2200217Ia 4500
001 CTU_129990
008 210402s9999 xx 000 0 und d
020 |c 30 
082 |a 301 
082 |b S294 
100 |a Schaefer, Richard T. 
245 0 |a Sociology : 
245 2 |b A brief introduction 
245 0 |c Richard T. Schaefer 
260 |a Boston 
260 |b McGraw-Hill 
260 |c 2004 
650 |a Sociology 
904 |i Giang 
910 |a Sách kèm theo đĩa CD có số: AV.005115, AV.005116 
980 |a Trung tâm Học liệu Trường Đại học Cần Thơ